Spanish: Colours - Statistics

General Stats
  • This quiz has been taken 140 times
    22 since last reset
  • The average score is 21 of 40
Answer Stats
Español English % Correct
Azul Blue
100%
Verde Green
100%
Rosa/Rosado(a) Pink
100%
Morado/Púrpura Purple
100%
Rojo Red
100%
Amarillo Yellow
100%
Negro Black
95%
Marrón/Pardo Brown
95%
Naranja/Anaranjado(a) Orange
95%
Blanco White
95%
Gris Gray
91%
Violeta Violet
91%
Bronce Bronze
82%
Oro Gold
82%
Plata Silver
82%
Color Colour
64%
Magenta Magenta
50%
Beige/Beis Beige
45%
Añil/Índigo Indigo
41%
Negruzco Blackish
36%
Rubio/Rubia Blonde
36%
Dorado(a) Golden
36%
Turquesa Turquoise
36%
Azulado(a) Blueish
27%
Grisáceo(a) Grayish
27%
Verdoso(a) Greenish
27%
Rosáceo(a)/Rosado(a) Pinkish
27%
Rojizo(a) Reddish
27%
Azul petróleo/Verde azulado/Azul verdoso Teal
27%
Blanquecino(a) Whiteish
27%
Amarillento(a) Yellowish
27%
Marronáceo/Amarronado(a)/Pardusco(a) Brownish
23%
Naranjito(a) Orangey
18%
Amoratado(a)/Purpurino(a) Purplish
18%
Azur/Celeste Azure
14%
Pelirrojo(a)/Bermejo(a) Ginger
14%
Plateado(a) Silvery
14%
Castaño rojizo/Cobrizo(a) (also copper) Auburn
9%
Moreno/Morena Brunette
9%
Avellano(a)/Marrón claro Hazel
9%
No matching quizzes found
Score Distribution
Percent of People with Each Score
Percentile by Number Answered
Your Score History
You have not taken this quiz since the last reset